LEADER 01654nam 22005174a 450 001 9910449800003321 005 20200520144314.0 010 $a0-8262-6365-8 035 $a(CKB)1000000000001168 035 $a(OCoLC)613390550 035 $a(CaPaEBR)ebrary10001760 035 $a(SSID)ssj0000116818 035 $a(PQKBManifestationID)11140080 035 $a(PQKBTitleCode)TC0000116818 035 $a(PQKBWorkID)10034406 035 $a(PQKB)10129944 035 $a(MiAaPQ)EBC3570690 035 $a(Au-PeEL)EBL3570690 035 $a(CaPaEBR)ebr10001760 035 $a(OCoLC)56422733 035 $a(EXLCZ)991000000000001168 100 $a20010305d2001 uy 0 101 0 $aeng 135 $aurcn||||||||| 181 $ctxt 182 $cc 183 $acr 200 10$aCalhoun and popular rule$b[electronic resource] $ethe political theory of the Disquisition and Discourse /$fH. Lee Cheek, Jr 210 $aColumbia $cUniversity of Missouri Press$dc2001 215 $a1 online resource (216 p.) 300 $aBibliographic Level Mode of Issuance: Monograph 311 $a0-8262-1333-2 320 $aIncludes bibliographical references (p. 172-194) and index. 606 $aPolitical science$zUnited States$xHistory$y19th century 607 $aUnited States$xPolitics and government$xPhilosophy 608 $aElectronic books. 615 0$aPolitical science$xHistory 676 $a320.01/1 700 $aCheek$b H. Lee$0626236 801 0$bMiAaPQ 801 1$bMiAaPQ 801 2$bMiAaPQ 906 $aBOOK 912 $a9910449800003321 996 $aCalhoun and popular rule$91218993 997 $aUNINA LEADER 01088nam a2200265 i 4500 001 991003561389707536 008 080417s2008 it 00 ita d 020 $a9788846496058 035 $ab13715884-39ule_inst 040 $aSet. Economia - SAGA$bita 082 04$a658.8 245 13$aLe nuove strategie di destination marketing :$bcome rafforzare la competitività delle regioni turistiche italiane /$ca cura di Umberto Martini, Josep Ejarque 260 $aMilano :$bAngeli,$cc2008 300 $a144 p. ;$c23 cm 440 0$atsm-Trentino school of management.$pStudi e ricerche ;$v4 650 04$aMarketing territoriale 650 04$aIndustria turistica$xMarketing 700 1 $aMartini, Umberto 700 1 $aEjarque, Josep 907 $a.b13715884$b02-04-14$c17-04-08 912 $a991003561389707536 945 $aLE025 ECO 658.8 MAR06.01$g1$i2025000216990$lle025$nProf. Guido$o-$pE14.00$q-$rl$s- $t0$u32$v14$w32$x0$y.i14738740$z29-04-08 996 $aNuove strategie di destination marketing$91131383 997 $aUNISALENTO 998 $ale025$b17-04-08$cm$da $e-$fita$git $h3$i0